000 00633nam a22002417a 4500
003 UA-OsUOA
001 26335
007 ta
008 20040526b un ||||| |||| 00| 0 ukr d
100 _aКар пенко Б.И.
090 _a519.22
_bК26
942 _cBK
040 _aUA-OsUOA
_brus
_cUA-OsUOA
_dUA-OsUOA
245 _aРазвитие идей и категорий математической статистики
300 _a376 с.
_bІлюстрації
955 _a0
041 _arus
080 _a519.22
260 _aМосква
_bНаука
_c1979
044 _aRU
650 7 _2UDC
999 _c312655
_d312655